迷路絵本シリーズ - Statistics

General Stats
  • This quiz has been taken 19 times
  • The average score is 6 of 20
Answer Stats
巻数 発売年月 タイトル % Correct
1 2005年4月 時の迷路
88%
2 2005年12月 文明の迷路
47%
8 2011年7月 宇宙の迷路
47%
11 2014年10月 動物の迷路
47%
17 2020年7月 恐竜の迷路
47%
6 2009年3月 続・時の迷路
41%
5 2008年3月 伝説の迷路
35%
7 2010年4月 昆虫の迷路
29%
10 2013年7月 乗り物の迷路
29%
3 2006年11月 自然遺産の迷路
24%
4 2007年8月 進化の迷路
24%
9 2012年11月 物語の迷路
24%
16 2019年8月 スポーツの迷路
18%
20 2023年11月 地獄の迷路
18%
12 2015年9月 水の国の迷路
12%
13 2016年7月 お化けの迷路
12%
14 2017年8月 おもちゃの迷路
12%
15 2018年8月 忍者の迷路
12%
18 2021年8月 無人島の迷路
12%
19 2022年9月 難攻不落の迷路
6%
No matching quizzes found
Score Distribution
Percent of People with Each Score
Percentile by Number Answered
Your Score History
You have not taken this quiz